| 000 | 00773nam a22002417a 4500 | ||
|---|---|---|---|
| 999 |
_c11015 _d11015 |
||
| 003 | AR-CdUCM | ||
| 008 | 190402b ||||| |||| 00| 0 spa d | ||
| 040 |
_aMUNICIPALIDAD PROVINCIAL DEL CUSCO _cBIBLIOTECA MUNICIPAL DEL CUSCO |
||
| 082 |
_aC / 869.508 / _bAR69P |
||
| 100 |
_aArestegui, Narciso _928122 |
||
| 245 |
_aEl padre Horán : _bEscenas de la vida del Cuzco / |
||
| 260 |
_aCusco : _bEl Comerio, _c1918. |
||
| 300 |
_a6 tomos ; _c16 cm. |
||
| 440 |
_aBiblioteca de Autores Cuzqueños. _928123 |
||
| 500 | _aTextos dos tomos en un solo libro. | ||
| 505 | _aContenido: Novela. | ||
| 650 |
_aNovelas Peruanas _9545 |
||
| 650 |
_aSiglo XIX _9971 |
||
| 650 |
_aNovelas de Costumbres _9168 |
||
| 650 |
_aPerú-Cusco _95400 |
||
| 942 |
_2ddc _cLIBROS |
||
| 945 | _aachl | ||